| 000 | 02101cam a22004574i 4500 | ||
|---|---|---|---|
| 003 | PE-LiUPU | ||
| 005 | 20250731173153.0 | ||
| 008 | 150623s r 000 0 d | ||
| 020 | _a0849916607 | ||
| 035 | _a(Sirsi) i9780849916601 | ||
| 040 |
_aPE-LiUPU _bspa _cPE-LiUPU _erda |
||
| 049 | _aPRUA | ||
| 082 | 0 | 4 |
_a269 _bN38 _221 |
| 100 | 1 |
_aNelson, Alan, _eautor. |
|
| 245 | 1 | 0 |
_aHow to change your church without Killing it / _cAlan Nelson. |
| 264 | 1 |
_aNashvlle, Tennessee : _bW Publishing Group, _c2000. |
|
| 300 |
_a353 páginas : _bilustraciones diagrámas, gráficos ; _c24 centímetros |
||
| 336 |
_atext _2rdacontent |
||
| 337 |
_aunmediated _2rdamedia |
||
| 338 |
_avolume _2rdacarrier |
||
| 505 | 0 | _aHonest to God: getting real with ourselve. Value-driven ministry: examining what motivates us. Anatomy of change: getting below the skin of improvement. Why people respond as they do: understanding the emotional side of change. To sail the leader ship: not sinking the improvement plan. The Joshua report: developing a vision that compels. The improvement plan: setting a course. The transition plan: getting from point A to point B. When christians collide: making conflict work for you. Tree steps forward, two steps back: persevering. The golden years: celebrating victories and cutting losses. MotivAction: starting your engines!. | |
| 526 | _aSEG42 | ||
| 526 | _aSEG41 | ||
| 526 | _aSEG40 | ||
| 526 | _aSEG39 | ||
| 526 | _aP94 | ||
| 526 | _aP87 | ||
| 526 | _aP86 | ||
| 526 | _aP85 | ||
| 526 | _aP77 | ||
| 526 | _aP76 | ||
| 526 | _aP35 | ||
| 650 | 0 | 4 | _aCrecimiento de iglesia. |
| 650 | 0 | 4 | _aReavivamiento de iglesia. |
| 942 |
_2ddc _cBOOK |
||
| 949 |
_a269 N38 _wDEWEY _c1 _i53515 _lCCODEBUL1 _mBUL _p22.00 _r0 _sY _tBOOK _u2015-6-24 _xTEOLOGIA _PP35 _0COMPRA _o.STAFF. Colección General |
||
| 994 |
_aC0 _bPEPRU |
||
| 596 | _a1 | ||
| 999 |
_a269 N38 _wDEWEY _c35520 _i53515 _f2021-11-10 _g5 _lCCODEBUL1 _mBUL _p22.00 _r0 _sY _tBOOK _u2015-6-24 _xTEOLOGIA _PP35 _0COMPRA _o.STAFF. Colección General _d35520 |
||
| 980 |
_81 _gALBERTO SANCHEZ Responsable de Automatización |
||